| 000 | 00401nam a2200157Ia 4500 | ||
|---|---|---|---|
| 008 | 221030s9999 xx 000 0 und d | ||
| 041 | _aEnglish | ||
| 082 |
_a105.23 _bCho |
||
| 100 | _aS. D. Chopra | ||
| 245 | 0 |
_aDifferential Calculus _cby S. D. Chopra, M. L. Kochhar |
|
| 260 |
_bKappor Pub. _aSrinagar _c1997 |
||
| 300 | _a408 | ||
| 650 | _aBE Mathematics | ||
| 700 | _aM. L. Kochhar | ||
| 942 | _cBK | ||
| 999 |
_c8401 _d8401 |
||